Hygiena tela ako relax

Prieskum trhu telovej kozmetiky. Inovácie na reálnom základe. Čo všetko spotrebiteľ očakáva od telového mlieka. Predaj antiperspirantov, dezodorantov, krémov na ruky a nohy.

Salvato in:
Dettagli Bibliografici
Autore principale: Malárová, Viera
Natura: Capitolo di libro
Lingua:slovacco
Soggetti:
Tags: Aggiungi Tag
Nessun Tag, puoi essere il primo ad aggiungerne!!

MARC

LEADER 00000naa a2200000 4500
001 r044177
005 20231002114536.6
041 0 |a slo 
044 |a SK 
245 1 0 |a Hygiena tela ako relax  |c Viera Malárová 
520 |a Prieskum trhu telovej kozmetiky. Inovácie na reálnom základe. Čo všetko spotrebiteľ očakáva od telového mlieka. Predaj antiperspirantov, dezodorantov, krémov na ruky a nohy. 
610 2 0 |a kozmetika 
610 2 0 |a hygiena 
610 2 0 |a prieskum dopytu 
610 2 0 |a prieskum trhu 
610 2 0 |a inovácia výrobkov 
610 2 0 |a sortiment tovaru 
610 2 0 |a Slovensko 
100 1 |a Malárová, Viera